[Event "×åìïèîíàò ÐÒ"]
[Site "ÐšÐ°Ð·Ð°Ð½ÑŒ"]
[Date "2022.12.14"]
[Round "7.2"]
[White "Ãîðèí, Àíäðåé."]
[Black "Íîâèêîâ, Ðîìàí."]
[Result "0-1"]
[WhiteElo "1713"]
[BlackElo "2194"]
[PlyCount "56"]
[EventDate "2022.12.09"]

1. d4 Nf6 2. g3 d5 3. Bg2 c6 4. c4 dxc4 5. Nf3 e6 6. O-O Nbd7 7. Qc2 b5 8. b3
cxb3 9. Qxc6 Rb8 10. axb3 Bb7 11. Qc2 a6 12. Nbd2 Be7 13. e4 O-O 14. Bb2 Rc8
15. Qb1 h6 16. Rd1 Qb6 17. Ne1 Bb4 18. Qd3 Rfd8 19. Qe3 Rc7 20. Nd3 Bc3 21. Nc4
bxc4 22. Bxc3 Qb5 23. Ba5 Nb6 24. Nc5 e5 25. b4 exd4 26. Rxd4 Re8 27. Rd6 Bc6
28. Bxb6 Qxb6 0-1

[Event "×åìïèîíàò ÐÒ"]
[Site "ÐšÐ°Ð·Ð°Ð½ÑŒ"]
[Date "2022.12.14"]
[Round "7.3"]
[White "Ôàéçðàõìàíîâ, Ðàìèëü."]
[Black "×óïàõèí, Åâãåíèé."]
[Result "1-0"]
[WhiteElo "2477"]
[BlackElo "1945"]
[PlyCount "47"]
[EventDate "2022.12.09"]

1. d4 Nf6 2. c4 e6 3. Nf3 d5 4. Nc3 Nbd7 5. Bf4 Bb4 6. cxd5 exd5 7. e3 Ne4 8.
Qc2 g5 9. Be5 f6 10. Bg3 h5 11. h4 g4 12. Nd2 Nxg3 13. Qg6+ Kf8 14. fxg3 c6 15.
Bd3 Qe8 16. Qxe8+ Kxe8 17. O-O Kf7 18. e4 dxe4 19. Ndxe4 Kg7 20. Rae1 Rb8 21.
a3 Bf8 22. Ne2 a5 23. Nf4 Kh6 24. Nd6 1-0

[Event "×åìïèîíàò ÐÒ"]
[Site "ÐšÐ°Ð·Ð°Ð½ÑŒ"]
[Date "2022.12.14"]
[Round "7.4"]
[White "Ãàëÿâèåâ, Ñàìàò."]
[Black "Õèñìàòîâ, Íóðëàí."]
[Result "0-1"]
[WhiteElo "1957"]
[BlackElo "1587"]
[PlyCount "132"]
[EventDate "2022.12.09"]

1. d4 Nf6 2. Nf3 g6 3. Bf4 Bg7 4. e3 O-O 5. Be2 d6 6. h3 c5 7. O-O Qb6 8. Qc1
Nc6 9. c3 Re8 10. Nbd2 cxd4 11. exd4 Bf5 12. Nc4 Qc7 13. Ne3 e5 14. dxe5 dxe5
15. Bh2 Bd7 16. Rd1 Rad8 17. Bc4 Bc8 18. Qc2 h6 19. b4 Rxd1+ 20. Rxd1 Kh7 21.
Qb3 Be6 22. Nd4 Nxd4 23. cxd4 Ne4 24. Bxe6 Rxe6 25. Nc4 f6 26. Nxe5 Qc8 27. Nd3
b6 28. d5 Re8 29. Rc1 Qf5 30. Bf4 g5 31. Be3 Rd8 32. Ne1 Rxd5 33. Nf3 Qd7 34.
Qc2 f5 35. g4 Qe6 36. Qc7 fxg4 37. Nd4 Qd7 38. Qc2 Re5 39. Nc6 Re8 40. hxg4
Qxg4+ 41. Kf1 Qh3+ 42. Kg1 Qg4+ 43. Kf1 Kh8 44. Nd4 Qh3+ 45. Kg1 Qg4+ 46. Kf1
Qh5 47. Kg2 Qf7 48. Qc6 Re7 49. Rh1 Kg8 50. Qc8+ Re8 51. Qc6 Re7 52. Rh3 Qf8
53. Ne6 Qe8 54. Qxe4 Rxe6 55. Qd3 Qc6+ 56. Kg1 Rd6 57. Qe2 Qd7 58. Qc4+ Kh8 59.
Rf3 Rc6 60. Qe4 Re6 61. Qg4 Qe8 62. Rf5 Re4 63. Qf3 Rxb4 64. Qd5 Qe4 65. Qxe4
Rxe4 66. Rd5 Ra4 0-1

[Event "×åìïèîíàò ÐÒ"]
[Site "ÐšÐ°Ð·Ð°Ð½ÑŒ"]
[Date "2022.12.14"]
[Round "7.5"]
[White "Õðóñòîâ, Âÿ÷åñëàâ."]
[Black "Ãèëÿçèòäèíîâ, Íèêèòà."]
[Result "0-1"]
[WhiteElo "1677"]
[BlackElo "2091"]
[PlyCount "52"]
[EventDate "2022.12.09"]

1. e4 e5 2. Nf3 Nc6 3. Bc4 Bc5 4. c3 Nf6 5. d3 d6 6. O-O a6 7. d4 Ba7 8. Re1
Bg4 9. d5 Ne7 10. Be3 Bxe3 11. Rxe3 Ng6 12. Nbd2 O-O 13. h3 Bd7 14. Bf1 Ne8 15.
Kh2 f5 16. exf5 Bxf5 17. Ne4 Nf6 18. Nxf6+ Qxf6 19. Bd3 Nf4 20. Be4 Bxe4 21.
Rxe4 Qg6 22. Rxf4 Rxf4 23. Qe2 Raf8 24. Rf1 Qh5 25. Rg1 e4 26. g4 Qxd5 0-1

[Event "×åìïèîíàò ÐÒ"]
[Site "ÐšÐ°Ð·Ð°Ð½ÑŒ"]
[Date "2022.12.14"]
[Round "7.6"]
[White "Òóðîâåö, ßðîñëàâ."]
[Black "Êîâàëåâ, Êèðèëë."]
[Result "0-1"]
[WhiteElo "1340"]
[BlackElo "1982"]
[PlyCount "182"]
[EventDate "2022.12.09"]

1. d4 d5 2. Bf4 e6 3. e3 Bd6 4. Bg3 Nf6 5. Nf3 Bxg3 6. hxg3 Qd6 7. c3 Nbd7 8.
Bd3 e5 9. dxe5 Nxe5 10. Nxe5 Qxe5 11. Nd2 c6 12. Nf3 Qc7 13. Nd4 Bg4 14. Be2
Bd7 15. Qc2 g6 16. O-O-O O-O-O 17. c4 Be6 18. Nxe6 fxe6 19. Kb1 Rhf8 20. Bf3 e5
21. cxd5 cxd5 22. Qa4 Kb8 23. Rc1 Qd7 24. Qb4 Qd6 25. Qa5 h5 26. Rhd1 e4 27.
Be2 Rc8 28. Rc3 Rxc3 29. Qxc3 Rc8 30. Qd4 Qc6 31. Qd2 Nd7 32. Rc1 Qxc1+ 33.
Qxc1 Rxc1+ 34. Kxc1 Kc7 35. Kc2 Kd6 36. Kc3 Nc5 37. Bb5 g5 38. b4 Ne6 39. Be2
h4 40. gxh4 gxh4 41. a4 Ke5 42. Bg4 Ng5 43. Bc8 b6 44. Bg4 a5 45. bxa5 bxa5 46.
Bc8 Nf7 47. Bg4 Nd6 48. Be2 Nb7 49. Ba6 Nc5 50. Bb5 Kd6 51. Kc2 Ne6 52. Kc3 Ng5
53. Be2 Kc5 54. Bg4 Nf7 55. Bh5 Ne5 56. Be2 Nc4 57. Bd1 Nd6 58. Bg4 Nf7 59. Bh5
Nd8 60. Bg4 Nc6 61. Bh5 Kd6 62. Be2 Nd8 63. Bg4 Nb7 64. Be2 Nc5 65. Bb5 Ke5 66.
Kc2 d4 67. exd4+ Kxd4 68. Kd2 Ne6 69. Be2 Nf4 70. Bf1 Ng6 71. Be2 Ne5 72. Bb5
Ng6 73. Be2 Nf4 74. Bf1 Nd5 75. Bb5 Ke5 76. Ke1 Kf4 77. Bc6 Nb4 78. Bb5 Ke5 79.
Kd2 Kd4 80. Be2 Nd5 81. Bb5 Kc5 82. Be2 Kb4 83. Bd1 Nf4 84. Ke3 Nxg2+ 85. Kxe4
Ne1 86. Kf4 Nd3+ 87. Ke3 Nb2 88. Bc2 Nxa4 89. Bxa4 Kxa4 90. f4 Kb5 91. Ke4 Kc6
0-1

[Event "×åìïèîíàò ÐÒ"]
[Site "ÐšÐ°Ð·Ð°Ð½ÑŒ"]
[Date "2022.12.14"]
[Round "7.7"]
[White "Ìèíãàòèí, Ìàðñ."]
[Black "Õàêèìîâ, Àçàò."]
[Result "1-0"]
[WhiteElo "1931"]
[BlackElo "1708"]
[PlyCount "107"]
[EventDate "2022.12.09"]

1. d4 Nf6 2. c4 e6 3. Nf3 d5 4. Nc3 dxc4 5. e3 c5 6. Bxc4 Nc6 7. O-O Be7 8. Qe2
cxd4 9. exd4 O-O 10. Rd1 Nb4 11. Ne5 Nbd5 12. Ne4 Qb6 13. a3 Rd8 14. Ng5 Rf8
15. Be3 h6 16. Ngf3 Rd8 17. Rac1 Bd7 18. Nxd7 Rxd7 19. Ne5 Rc7 20. Rd3 Rac8 21.
Rb3 Qd6 22. Rd1 Qd8 23. Bd2 Bd6 24. Bd3 Nb6 25. h3 Nbd5 26. Ba5 b6 27. Bd2 Nd7
28. Ba6 Bxe5 29. Bxc8 Bxd4 30. Bxd7 Qxd7 31. Bxh6 gxh6 32. Rxd4 Rc1+ 33. Rd1
Rc5 34. Rg3+ Kf8 35. Qh5 Qc7 36. Qxh6+ Ke7 37. Rg8 Rc2 38. Qf8+ Kf6 39. Qg7+
Ke7 40. Rf8 Qf4 41. Rf1 Re2 42. Qh8 Nf6 43. Ra8 Rd2 44. Qf8+ Kd7 45. Qxf7+ Kc6
46. Qxe6+ Kb5 47. a4+ Kxa4 48. Rxa7+ Kb5 49. Qb3+ Kc5 50. Rc1+ Kd6 51. Qxb6+
Ke5 52. Ra5+ Nd5 53. Re1+ Kf5 54. Qe6+ 1-0

[Event "×åìïèîíàò ÐÒ"]
[Site "ÐšÐ°Ð·Ð°Ð½ÑŒ"]
[Date "2022.12.14"]
[Round "7.1"]
[White "Ìîêååâà, Çëàòà."]
[Black "Íóð-Ìóõàìåòîâà, Àëèñà."]
[Result "0-1"]
[WhiteElo "1609"]
[BlackElo "2176"]
[PlyCount "74"]
[EventDate "2022.12.09"]

1. e4 c5 2. Nf3 d6 3. d4 cxd4 4. Nxd4 Nf6 5. Nc3 a6 6. f3 e5 7. Nb3 Be6 8. Be3
Be7 9. Qd2 h5 10. Nd5 Nxd5 11. exd5 Bf5 12. Be2 Nd7 13. O-O Rc8 14. c4 b6 15.
a4 a5 16. f4 exf4 17. Bxf4 Bg6 18. Nd4 Ne5 19. Qe3 O-O 20. Rae1 Re8 21. Qh3 Bh4
22. Rd1 Bf6 23. b3 h4 24. Rfe1 Bg5 25. Bxe5 dxe5 26. Bg4 exd4 27. Rxe8+ Qxe8
28. Bxc8 d3 29. Bd7 Qe5 30. Rf1 Qe2 31. Qf3 Bh5 32. Qf5 d2 33. Be8 Be3+ 34. Kh1
Qxf1+ 35. Qxf1 d1=Q 36. Bxf7+ Kf8 37. Qxd1 Bxd1 0-1

[Event "×åìïèîíàò ÐÒ"]
[Site "ÐšÐ°Ð·Ð°Ð½ÑŒ"]
[Date "2022.12.14"]
[Round "7.2"]
[White "Íàãàåâà, Àëèÿ."]
[Black "Ìàëüöåâà, Åëèçàâåòà."]
[Result "1/2-1/2"]
[WhiteElo "1836"]
[BlackElo "1658"]
[PlyCount "87"]
[EventDate "2022.12.09"]

1. Nc3 d5 2. d4 Nf6 3. Bf4 a6 4. e3 e6 5. a3 c5 6. Nf3 b5 7. Ne5 Bb7 8. Be2
Nbd7 9. O-O Be7 10. Nb1 O-O 11. Nd2 Nxe5 12. Bxe5 Nd7 13. Bg3 c4 14. c3 Nb6 15.
Qc2 Bd6 16. f4 f5 17. Nf3 Qe8 18. h3 Bc6 19. Bh4 Be7 20. Bxe7 Qxe7 21. g4 Nd7
22. Bd1 a5 23. Qg2 b4 24. h4 Bb5 25. h5 Kh8 26. gxf5 exf5 27. Ne5 Nxe5 28. fxe5
bxc3 29. bxc3 Bc6 30. Qg3 Bd7 31. Ra2 Rg8 32. a4 g6 33. h6 Ra6 34. Rb2 Bc6 35.
Rg2 Raa8 36. Bc2 Bd7 37. Rb1 Be6 38. Ra1 Rab8 39. Bd1 Rb6 40. Bc2 Rgb8 41. Qf4
Rb2 42. Qf3 Qh4 43. Qf4 Qe7 44. Qg3 1/2-1/2

[Event "×åìïèîíàò ÐÒ"]
[Site "ÐšÐ°Ð·Ð°Ð½ÑŒ"]
[Date "2022.12.14"]
[Round "7.3"]
[White "Ìàðêåëîâà, Ëþáîâü."]
[Black "Êîâàëåâà, Îëüãà."]
[Result "1-0"]
[WhiteElo "2125"]
[BlackElo "2070"]
[PlyCount "73"]
[EventDate "2022.12.09"]

1. Nf3 g6 2. c4 Bg7 3. Nc3 e5 4. g3 Nc6 5. Bg2 d6 6. d3 Nf6 7. Bg5 h6 8. Bxf6
Qxf6 9. O-O O-O 10. Rb1 a5 11. a3 Nd4 12. b4 c6 13. b5 Nxf3+ 14. Bxf3 c5 15.
Nd5 Qd8 16. b6 f5 17. Nc7 Rb8 18. Qa4 f4 19. Qxa5 fxg3 20. fxg3 Qg5 21. Bd5+
Kh7 22. Rxf8 Bxf8 23. Qe1 Bg7 24. Qc1 Qg4 25. Qe3 Qd7 26. Rf1 Qa4 27. Be4 Bh3
28. Bg2 Bxg2 29. Kxg2 Qc6+ 30. Nd5 Ra8 31. Rf7 Kg8 32. Rc7 Qe8 33. Rxb7 Rxa3
34. Qf3 Qe6 35. Re7 Qf5 36. Qxf5 gxf5 37. b7 1-0

[Event "×åìïèîíàò ÐÒ"]
[Site "ÐšÐ°Ð·Ð°Ð½ÑŒ"]
[Date "2022.12.15"]
[Round "8.1"]
[White "Õèñìàòîâ, Íóðëàí."]
[Black "Ôàéçðàõìàíîâ, Ðàìèëü."]
[Result "0-1"]
[WhiteElo "1587"]
[BlackElo "2477"]
[PlyCount "106"]
[EventDate "2022.12.09"]

1. d4 Nf6 2. c4 e6 3. g3 d5 4. Nf3 dxc4 5. Bg2 Bb4+ 6. Bd2 a5 7. Qc2 c5 8. dxc5
Bxc5 9. Na3 Nbd7 10. Nxc4 O-O 11. O-O b6 12. Nfe5 Nd5 13. Rad1 Nxe5 14. Nxe5
Qc7 15. Nc4 Ba6 16. Rc1 Rac8 17. b3 Qe7 18. Qb1 h6 19. Rfd1 Rfd8 20. e4 Nb4 21.
Be1 Rxd1 22. Rxd1 Bxc4 23. bxc4 Qf6 24. Kh1 Nc6 25. f4 e5 26. Bc3 Qe6 27. Rd5
Bd4 28. Bxd4 Nxd4 29. Bf1 f6 30. Qd1 Qe7 31. Qg4 Rc7 32. Qh5 Nc6 33. Qg6 a4 34.
c5 bxc5 35. Bc4 Kh8 36. Rd6 Qf8 37. Rd1 Ne7 38. Qh5 Nc6 39. Qg6 Re7 40. Rd6 Nd4
41. Ra6 Qe8 42. Qxe8+ Rxe8 43. Rxa4 exf4 44. gxf4 g5 45. fxg5 hxg5 46. Bd5 Rb8
47. Ra7 Rb2 48. e5 fxe5 49. Re7 c4 50. Rxe5 c3 51. Be4 Re2 52. Rd5 c2 53. Bxc2
Nf3 0-1

[Event "×åìïèîíàò ÐÒ"]
[Site "ÐšÐ°Ð·Ð°Ð½ÑŒ"]
[Date "2022.12.15"]
[Round "8.2"]
[White "Íîâèêîâ, Ðîìàí."]
[Black "Øàðàôèåâ, Àçàò."]
[Result "1/2-1/2"]
[WhiteElo "2194"]
[BlackElo "2432"]
[PlyCount "50"]
[EventDate "2022.12.09"]

1. e4 c6 2. d4 d5 3. exd5 cxd5 4. c4 Nf6 5. Nc3 e6 6. Nf3 Be7 7. Bd3 dxc4 8.
Bxc4 O-O 9. O-O Nc6 10. a3 b6 11. d5 Na5 12. Ba2 exd5 13. Nxd5 Nxd5 14. Bxd5
Bb7 15. Bxb7 Nxb7 16. Be3 Bf6 17. Bd4 Nc5 18. Rc1 Ne6 19. Be5 Bxe5 20. Nxe5 Qg5
21. Nc6 Nf4 22. Qf3 Rae8 23. Rce1 a5 24. h4 Qf6 25. Ne7+ Rxe7 1/2-1/2

[Event "×åìïèîíàò ÐÒ"]
[Site "ÐšÐ°Ð·Ð°Ð½ÑŒ"]
[Date "2022.12.15"]
[Round "8.3"]
[White "Ñàìóñåíêî, Ìàêñèì."]
[Black "Ãîðèí, Àíäðåé."]
[Result "1-0"]
[WhiteElo "2461"]
[BlackElo "1713"]
[PlyCount "79"]
[EventDate "2022.12.09"]

1. e4 d6 2. d4 Nf6 3. Nc3 g6 4. Be3 c6 5. h3 Nbd7 6. f4 e5 7. Nf3 Qe7 8. Qd2
Bg7 9. O-O-O O-O 10. fxe5 dxe5 11. d5 cxd5 12. exd5 a6 13. g4 b5 14. g5 Nh5 15.
Bg2 b4 16. Ne4 Bb7 17. Rhe1 a5 18. Kb1 Rfc8 19. Nh2 a4 20. d6 Qe6 21. Nf6+
Nhxf6 22. Bxb7 b3 23. cxb3 axb3 24. Bxa8 Rxa8 25. gxf6 Rxa2 26. Qd5 Qf5+ 27.
Rd3 Bxf6 28. Qxb3 Ra8 29. Ng4 Bg7 30. Qd5 Rb8 31. Ba7 Rb4 32. Rxe5 Qf1+ 33. Rd1
Qa6 34. Re8+ Nf8 35. Bd4 Ra4 36. Bxg7 Ra1+ 37. Kc2 Qa4+ 38. b3 Qa2+ 39. Bb2
Rxd1 40. Nh6# 1-0

[Event "×åìïèîíàò ÐÒ"]
[Site "ÐšÐ°Ð·Ð°Ð½ÑŒ"]
[Date "2022.12.15"]
[Round "8.4"]
[White "Ãèëÿçèòäèíîâ, Íèêèòà."]
[Black "Âîëûíåö, Áîãäàí."]
[Result "1/2-1/2"]
[WhiteElo "2091"]
[BlackElo "1775"]
[PlyCount "132"]
[EventDate "2022.12.09"]

1. c4 e5 2. g3 Nf6 3. Nc3 Bb4 4. Bg2 O-O 5. Qc2 Re8 6. a3 Bf8 7. d3 c6 8. e4
Na6 9. Nge2 Nc7 10. O-O d5 11. cxd5 cxd5 12. exd5 Nfxd5 13. Nxd5 Nxd5 14. d4
Bg4 15. dxe5 Rc8 16. Qd2 Rxe5 17. Nf4 Nb6 18. Bxb7 Nc4 19. Qxd8 Rxd8 20. h3 Bf5
21. g4 Bc2 22. Ba6 Bb3 23. Ng2 Re6 24. Bb7 Na5 25. Bf3 Bc4 26. Bg5 f6 27. Be3
Bxf1 28. Kxf1 Nc4 29. b4 Nxe3+ 30. Nxe3 Red6 31. b5 Rd3 32. a4 Bc5 33. Be4 Ra3
34. Rxa3 Bxa3 35. a5 Bc5 36. Ke2 Kf8 37. Bxh7 Rb8 38. Bd3 Bb4 39. a6 Bc5 40.
Nd5 Ke8 41. f4 Kd7 42. f5 Re8+ 43. Kf3 Kd6 44. Be4 Rb8 45. Nf4 Rxb5 46. Ne6
Rb3+ 47. Kg2 Bb6 48. Bb7 Ke5 49. Nxg7 Kf4 50. Ne6+ Ke3 51. g5 Rb2+ 52. Kg3 fxg5
53. Kg4 Bd4 54. Nxd4 Kxd4 55. f6 Rf2 56. Kxg5 Ke5 57. h4 Rxf6 58. h5 Rf2 59. h6
Ke6 60. h7 Rh2 61. Kg6 Rh4 62. Bc8+ Ke7 63. Kg7 Kd8 64. Bf5 Rxh7+ 65. Bxh7 Kc7
66. Bd3 Kb8 1/2-1/2

[Event "×åìïèîíàò ÐÒ"]
[Site "ÐšÐ°Ð·Ð°Ð½ÑŒ"]
[Date "2022.12.15"]
[Round "8.5"]
[White "Êîâàëåâ, Êèðèëë."]
[Black "Çàêèðîâ, Ðóñëàí."]
[Result "1-0"]
[WhiteElo "1982"]
[BlackElo "1562"]
[PlyCount "99"]
[EventDate "2022.12.09"]

1. e4 c5 2. Nf3 d6 3. d4 cxd4 4. Nxd4 Nf6 5. Nc3 a6 6. Be2 e5 7. Nb3 Be7 8. Be3
Be6 9. O-O O-O 10. a4 Nbd7 11. f3 Rc8 12. a5 Qc7 13. Qd2 Qc6 14. Rfd1 Rfd8 15.
Rac1 Qc7 16. Nd5 Bxd5 17. exd5 Ne8 18. c4 g6 19. Na1 Ng7 20. b4 Nf5 21. Bf2 h6
22. Qd3 Bg5 23. Rb1 Nd4 24. Bf1 b6 25. h4 Bf6 26. Nb3 Nxb3 27. axb6 Nxb6 28.
Qxb3 Nd7 29. Qa3 a5 30. Qxa5 Qxa5 31. bxa5 Nc5 32. Rb5 e4 33. Bxc5 Rxc5 34.
Rxc5 dxc5 35. fxe4 Bd4+ 36. Rxd4 cxd4 37. c5 Kf8 38. c6 Ke7 39. c7 Rc8 40. e5
Kd7 41. d6 Ra8 42. Bb5+ Kc8 43. a6 d3 44. Kf2 g5 45. hxg5 hxg5 46. Ke3 g4 47.
Kxd3 g3 48. Kd4 Ra7 49. Kd5 f6 50. e6 1-0

[Event "×åìïèîíàò ÐÒ"]
[Site "ÐšÐ°Ð·Ð°Ð½ÑŒ"]
[Date "2022.12.15"]
[Round "8.6"]
[White "Ãàðàåâ, Òàìåðëàí."]
[Black "Ìèíãàòèí, Ìàðñ."]
[Result "0-1"]
[WhiteElo "1407"]
[BlackElo "1931"]
[PlyCount "130"]
[EventDate "2022.12.09"]

1. d4 Nf6 2. Bg5 h6 3. Bxf6 exf6 4. Nf3 d5 5. Nbd2 Bd6 6. e3 O-O 7. Bd3 b6 8.
O-O Nd7 9. c4 c6 10. cxd5 cxd5 11. Qb3 Bb7 12. Rac1 Rc8 13. Bf5 g6 14. Bd3 Rc7
15. Nb1 a6 16. Rxc7 Qxc7 17. Nc3 Qc6 18. e4 dxe4 19. Bxe4 Qc7 20. h3 Bxe4 21.
Nxe4 Be7 22. Nc3 Qd6 23. Qd5 f5 24. Qxd6 Bxd6 25. Rc1 Rc8 26. Ne2 Rxc1+ 27.
Nxc1 f6 28. Kf1 Kf7 29. Ke2 Ke6 30. Kd3 g5 31. Ne2 b5 32. Nc3 Nb6 33. d5+ Kf7
34. Kd4 Kg6 35. Nd2 Nd7 36. Nb3 g4 37. hxg4 fxg4 38. Ne4 Be5+ 39. Kd3 f5 40.
Nec5 Nb6 41. d6 Bxd6 42. Nxa6 h5 43. Ke2 h4 44. Nd2 h3 45. gxh3 gxh3 46. Kf3
Kf6 47. a3 Nd5 48. b4 Nc3 49. Nc5 Nd1 50. Nd3 Ke6 51. Nf1 Kd5 52. Nf4+ Bxf4 53.
Kxf4 Nxf2 54. Kg3 Nd1 55. Nd2 Kd4 56. Kxh3 Ke3 57. Nb3 Nc3 58. Kg2 Nb1 59. a4
bxa4 60. Na1 Na3 61. Kf1 Kd2 62. Kf2 Kc1 63. Ke2 Kb2 64. b5 Nxb5 65. Kd2 Kxa1
0-1

[Event "×åìïèîíàò ÐÒ"]
[Site "ÐšÐ°Ð·Ð°Ð½ÑŒ"]
[Date "2022.12.15"]
[Round "8.7"]
[White "×óïàõèí, Åâãåíèé."]
[Black "Ãàëÿâèåâ, Ñàìàò."]
[Result "1-0"]
[WhiteElo "1945"]
[BlackElo "1957"]
[PlyCount "85"]
[EventDate "2022.12.09"]

1. d4 e6 2. Nc3 d5 3. Bf4 Bd6 4. Nh3 h6 5. e3 g5 6. Bg3 f5 7. Qh5+ Kf8 8. Bd3
Nf6 9. Qe2 Kg7 10. f3 c5 11. Bxd6 Qxd6 12. Nb5 Qe7 13. dxc5 e5 14. e4 fxe4 15.
fxe4 Qxc5 16. Nf2 d4 17. O-O a6 18. Na3 Nc6 19. Nh1 Bg4 20. Qf2 Raf8 21. Ng3
Ne7 22. h3 Bd7 23. Nc4 Kg6 24. b4 Qc7 25. Nf5 Bxf5 26. exf5+ Kg7 27. Qg3 Nc6
28. Rae1 Re8 29. a3 Rhf8 30. h4 g4 31. h5 Kh8 32. Nd2 Qg7 33. Qh4 Qf7 34. Ne4
Qxh5 35. Qg3 Rd8 36. Nc5 Qf7 37. Ne6 Rde8 38. Nxf8 Qxf8 39. Be4 Qd6 40. Re2 Nd8
41. Rfe1 Qc7 42. Bd3 Nf7 43. a4 1-0

[Event "×åìïèîíàò ÐÒ"]
[Site "ÐšÐ°Ð·Ð°Ð½ÑŒ"]
[Date "2022.12.15"]
[Round "8.1"]
[White "Íóð-Ìóõàìåòîâà, Àëèñà."]
[Black "Íàãàåâà, Àëèÿ."]
[Result "1/2-1/2"]
[WhiteElo "2176"]
[BlackElo "1836"]
[PlyCount "141"]
[EventDate "2022.12.09"]

1. d4 Nf6 2. c4 e6 3. Nf3 d5 4. Nc3 c5 5. cxd5 Nxd5 6. e4 Nxc3 7. bxc3 cxd4 8.
cxd4 Bb4+ 9. Bd2 Bxd2+ 10. Qxd2 O-O 11. Be2 Nd7 12. O-O b6 13. e5 Bb7 14. Qf4
h6 15. Rfd1 Qe7 16. Bd3 Rfd8 17. Be4 Nf8 18. Nd2 Bd5 19. Bxd5 exd5 20. Nf1 Ne6
21. Qg4 Qg5 22. h3 Qxg4 23. hxg4 Rac8 24. Ne3 g6 25. Rab1 Rc3 26. Rb5 Nc7 27.
Rb3 Rxb3 28. axb3 Ne6 29. g3 a5 30. Kf1 Kg7 31. Ke2 b5 32. f4 a4 33. f5 Nc7 34.
Rc1 axb3 35. Rb1 b4 36. Rxb3 Rb8 37. Kd3 Rb5 38. Nc2 Na6 39. Kd2 Rb8 40. Ne1 h5
41. f6+ Kh6 42. gxh5 gxh5 43. Nd3 Rb6 44. Nf4 Nc7 45. Ke3 Kg5 46. Kf3 Rc6 47.
Rxb4 Rc3+ 48. Kf2 h4 49. Ne2 hxg3+ 50. Nxg3 Ne6 51. Ne2 Ra3 52. Rb7 Kg6 53. Rd7
Ra2 54. Ke3 Ra3+ 55. Kd2 Rh3 56. Rd6 Rh2 57. Ke3 Rh3+ 58. Kf2 Rh2+ 59. Kf3 Ng5+
60. Ke3 Rh3+ 61. Kf4 Rh2 62. Ke3 Rh3+ 63. Kf4 Rh2 64. Nc1 Ne6+ 65. Ke3 Rh3+ 66.
Kf2 Nxd4 67. Rxd5 Rc3 68. Rxd4 Rxc1 69. Rf4 Kg5 70. Rf3 Rc2+ 71. Ke3 1/2-1/2

[Event "×åìïèîíàò ÐÒ"]
[Site "ÐšÐ°Ð·Ð°Ð½ÑŒ"]
[Date "2022.12.15"]
[Round "8.2"]
[White "Àìèíîâà, Çàðèíà."]
[Black "Ìàðêåëîâà, Ëþáîâü."]
[Result "0-1"]
[WhiteElo "1376"]
[BlackElo "2125"]
[PlyCount "62"]
[EventDate "2022.12.09"]

1. d4 d5 2. c4 dxc4 3. e3 e5 4. Bxc4 exd4 5. exd4 Bd6 6. Nf3 Nf6 7. O-O O-O 8.
Bg5 Bg4 9. Qd3 Nbd7 10. Nc3 a6 11. Rfe1 Re8 12. Rxe8+ Qxe8 13. Re1 Qf8 14. Ne5
Re8 15. f4 Be6 16. Bxe6 Rxe6 17. Qg3 c5 18. d5 Re8 19. Nxd7 Rxe1+ 20. Qxe1 Nxd7
21. Qe4 b5 22. b3 Nb6 23. Qd3 c4 24. bxc4 Nxc4 25. Ne4 h6 26. Bh4 Bxf4 27. Bf2
Qb4 28. Qc2 Be3 29. g3 Qe1+ 30. Kg2 Bxf2 31. Qxf2 Qxe4+ 0-1

[Event "×åìïèîíàò ÐÒ"]
[Site "ÐšÐ°Ð·Ð°Ð½ÑŒ"]
[Date "2022.12.15"]
[Round "8.3"]
[White "Íàñûðîâà, Åêàòåðèíà."]
[Black "Ìîêååâà, Çëàòà."]
[Result "0-1"]
[WhiteElo "2106"]
[BlackElo "1609"]
[PlyCount "240"]
[EventDate "2022.12.09"]

1. d4 d5 2. c4 dxc4 3. e3 e6 4. Bxc4 Nf6 5. Nf3 c5 6. O-O a6 7. dxc5 Bxc5 8.
Qxd8+ Kxd8 9. Nbd2 Ke7 10. Nb3 Bb6 11. Bd2 Nc6 12. a4 Ne4 13. Be1 Nd6 14. Be2
e5 15. a5 Ba7 16. Rc1 Be6 17. Nc5 Bxc5 18. Rxc5 Ne4 19. Rc1 Rhd8 20. h3 Rac8
21. Kh2 f6 22. Rg1 g5 23. g4 h6 24. Kg2 h5 25. gxh5 Rh8 26. Nh2 Bf7 27. Bg4
Rcd8 28. Nf1 Bxh5 29. f3 Nd6 30. Ng3 Bg6 31. e4 Nb5 32. Ne2 Bf7 33. Rh1 Be6 34.
Rh2 Bxg4 35. hxg4 Rxh2+ 36. Kxh2 Nbd4 37. Nxd4 Nxd4 38. Kg2 Ne2 39. Rc7+ Rd7
40. Rc8 Nf4+ 41. Kg3 Ke6 42. Bc3 Rh7 43. Rb8 Rc7 44. Kf2 Rh7 45. Ke1 Rd7 46.
Re8+ Kf7 47. Rc8 Ke6 48. Kf2 Rh7 49. Re8+ Kd7 50. Rf8 Ke6 51. Rb8 Rd7 52. Rh8
Rc7 53. Kf1 Rd7 54. Ke1 Nd3+ 55. Kf1 Nf4 56. Rb8 Rh7 57. Rd8 Ke7 58. Rb8 Ke6
59. Rc8 Kd7 60. Rf8 Ke6 61. Kg1 Rc7 62. Kf2 Rh7 63. Ke1 Rd7 64. Re8+ Kf7 65.
Rc8 Ke6 66. Kf1 Rh7 67. Kg1 Rd7 68. Rc4 Rh7 69. Rb4 Rc7 70. Rb6+ Kf7 71. Bd2
Ne2+ 72. Kf2 Nd4 73. Bc3 Nb5 74. Ke2 Rd7 75. Ke3 Kg7 76. Bb4 Kf7 77. Bc5 Kg7
78. Ke2 Kf7 79. Be3 Ke7 80. Bd2 Nd4+ 81. Kf2 Nb5 82. Bc3 Kf7 83. Kf1 Ke7 84.
Ke1 Kf7 85. Kf2 Ke7 86. Ke2 Kf7 87. Bd2 Nd4+ 88. Kf2 Nb5 89. Be3 Ke7 90. b4 Kf7
91. Bc5 Rd2+ 92. Ke1 Rd7 93. Ke2 Nc3+ 94. Ke3 Na4 95. Ke2 Nxb6 96. Bxb6 Ke6 97.
Bc5 Rh7 98. Kd3 Kd7 99. Ke2 Kc6 100. Ke3 Kb5 101. Kd3 Rd7+ 102. Ke2 Rc7 103.
Bd6 Rc6 104. Be7 Kc4 105. Ke3 Kc3 106. Bf8 Kc2 107. Ke2 Rc7 108. Bd6 Rd7 109.
Bc5 Rd2+ 110. Ke3 Rh2 111. Be7 Rh6 112. Ke2 Kc3 113. Ke3 Kc4 114. Ke2 Kb5 115.
Ke3 Kc6 116. Kd3 Kd7 117. Bc5 Rh8 118. Bb6 Rc8 119. Bc5 Rh8 120. Ke3 Rh3 0-1

[Event "×åìïèîíàò ÐÒ"]
[Site "ÐšÐ°Ð·Ð°Ð½ÑŒ"]
[Date "2022.12.16"]
[Round "9.1"]
[White "Ôàéçðàõìàíîâ, Ðàìèëü."]
[Black "Ìèíãàòèí, Ìàðñ."]
[Result "1-0"]
[WhiteElo "2477"]
[BlackElo "1931"]
[PlyCount "77"]
[EventDate "2022.12.09"]

1. d4 Nf6 2. c4 e6 3. Nf3 b6 4. g3 Bb7 5. Bg2 Be7 6. O-O O-O 7. Nc3 Ne4 8. Bd2
Bf6 9. Qc2 Nxd2 10. Qxd2 d6 11. Rad1 Nd7 12. h4 h6 13. e4 e5 14. Nd5 Re8 15.
Rfe1 Nb8 16. dxe5 dxe5 17. Qc3 Qd6 18. c5 bxc5 19. Nxf6+ Qxf6 20. Qxc5 Na6 21.
Qc3 Qc6 22. Rc1 Qxc3 23. Rxc3 f6 24. Bf1 Re7 25. Nd2 Nb4 26. a3 Rd8 27. Nb3 Nc6
28. Bc4+ Kh7 29. Bd5 Rd6 30. Rec1 Nd4 31. Bxb7 Ne2+ 32. Kg2 Rb6 33. Bd5 Nxc1
34. Rxc1 f5 35. exf5 Rd7 36. Be6 Rd3 37. Rxc7 a6 38. Nc5 Rd2 39. Nd7 1-0

[Event "×åìïèîíàò ÐÒ"]
[Site "ÐšÐ°Ð·Ð°Ð½ÑŒ"]
[Date "2022.12.16"]
[Round "9.3"]
[White "Øàðàôèåâ, Àçàò."]
[Black "Êîâàëåâ, Êèðèëë."]
[Result "1-0"]
[WhiteElo "2432"]
[BlackElo "1982"]
[PlyCount "97"]
[EventDate "2022.12.09"]

1. d4 d5 2. c4 e6 3. Nf3 Nf6 4. g3 Be7 5. Bg2 O-O 6. O-O c6 7. Nbd2 b6 8. Qc2
Bb7 9. e4 Na6 10. e5 Nd7 11. a3 c5 12. dxc5 bxc5 13. h4 Nc7 14. Re1 a5 15. Nf1
Ra7 16. Ng5 g6 17. cxd5 Bxd5 18. Bxd5 Nxd5 19. Nh2 Re8 20. Ng4 Bf8 21. h5 Bg7
22. f4 Qe7 23. hxg6 fxg6 24. Be3 Nxe3 25. Rxe3 Rd8 26. Rc1 Rb7 27. Re2 Rdb8 28.
Rd1 Rb3 29. Kh2 Nf8 30. Ne4 c4 31. Qxc4 Rxb2 32. Rxb2 Rxb2+ 33. Kh3 Rb8 34. Rd6
Qb7 35. Rc6 Qb1 36. Ngf2 Qb3 37. Qxb3 Rxb3 38. Rc8 h5 39. Ng5 Rxa3 40. Nfe4 Rb3
41. Nf6+ Bxf6 42. exf6 Rb7 43. Ra8 Rd7 44. Kh4 a4 45. Nxe6 Kf7 46. Nxf8 Rd1 47.
Nh7 Rh1+ 48. Kg5 Rh3 49. Ra7+ 1-0

[Event "×åìïèîíàò ÐÒ"]
[Site "ÐšÐ°Ð·Ð°Ð½ÑŒ"]
[Date "2022.12.16"]
[Round "9.4"]
[White "Ãèëÿçèòäèíîâ, Íèêèòà."]
[Black "Õèñìàòîâ, Íóðëàí."]
[Result "1-0"]
[WhiteElo "2091"]
[BlackElo "1587"]
[PlyCount "120"]
[EventDate "2022.12.09"]

1. c4 Nf6 2. g3 g6 3. Bg2 Bg7 4. Nf3 O-O 5. O-O d6 6. Nc3 Nc6 7. a3 a6 8. Rb1
e5 9. d3 Re8 10. Ne1 Be6 11. Nd5 Rb8 12. Nc2 Ne7 13. Bg5 Bxd5 14. cxd5 h6 15.
Bxf6 Bxf6 16. Ne3 Bg5 17. Nc4 c6 18. dxc6 Nxc6 19. h4 Be7 20. Ne3 f5 21. h5 Bg5
22. hxg6 Rf8 23. Nd5 Kg7 24. e3 Ne7 25. Rc1 Kxg6 26. Qb3 Nc6 27. Rc2 f4 28.
gxf4 exf4 29. Be4+ Kg7 30. Qc3+ Ne5 31. Qc7+ Rf7 32. Qxd8 Rxd8 33. exf4 Bxf4
34. Nxf4 Rxf4 35. Bxb7 Kf6 36. f3 a5 37. Kf2 Rh4 38. Kg3 Rd4 39. Ba6 Nxd3 40.
Bxd3 Rxd3 41. Rh1 Kg5 42. Rc4 h5 43. Rch4 Rh8 44. Ra4 Rd5 45. Rhh4 Rb8 46. Rhd4
Rxd4 47. Rxd4 h4+ 48. Rxh4 Rxb2 49. Rd4 Rb5 50. Rxd6 Kf5 51. Rh6 Kg5 52. Ra6
Kf5 53. Ra8 Rc5 54. Rb8 Kf6 55. Rf8+ Kg6 56. Rf4 Rc3 57. Ra4 Rc5 58. Kf4 Kf6
59. Ke4 Ke6 60. f4 Rb5 1-0

[Event "×åìïèîíàò ÐÒ"]
[Site "ÐšÐ°Ð·Ð°Ð½ÑŒ"]
[Date "2022.12.16"]
[Round "9.5"]
[White "Âîëûíåö, Áîãäàí."]
[Black "×óïàõèí, Åâãåíèé."]
[Result "1-0"]
[WhiteElo "1775"]
[BlackElo "1945"]
[PlyCount "97"]
[EventDate "2022.12.09"]

1. e4 Nc6 2. d4 e5 3. d5 Nce7 4. Nf3 Ng6 5. h4 h5 6. Bg5 Nf6 7. c4 Bb4+ 8. Nbd2
Bc5 9. g3 d6 10. b4 Bb6 11. Bg2 a5 12. a3 Bg4 13. O-O Qd7 14. Qc2 Nh7 15. c5
Nxg5 16. Nxg5 Ba7 17. f3 f6 18. fxg4 fxg5 19. gxh5 Rxh5 20. Rf5 axb4 21. Bf3
Rh6 22. Bg4 Bxc5+ 23. Kg2 Qe7 24. Rxg5 Nf8 25. Rf5 bxa3 26. Qb3 Rf6 27. Qxb7
Ra7 28. Qc6+ Kf7 29. Rxf6+ gxf6 30. Nb3 Bb6 31. Qc1 Ra4 32. Bf5 a2 33. Qc2 Qe8
34. Rxa2 Rxa2 35. Qxa2 Qb5 36. Qc2 Qb4 37. Nd2 Qd4 38. Nf3 Qe3 39. h5 Qh6 40.
Bg4 Qe3 41. Kh3 Nh7 42. Qc6 Nf8 43. Be6+ Kg7 44. Qe8 Nxe6 45. Qe7+ Kh8 46.
Qxf6+ Kg8 47. dxe6 Qf2 48. Qf7+ Kh8 49. Qf8+ 1-0